书目信息 |
| 题名: |
城市对外交通
|
|
| 作者: | ;同济大学 编 | |
| 分册: | ||
| 出版信息: | 北京 中国建筑工业出版社 1982 |
|
| 页数: | 132页 | |
| 开本: | 25cm | |
| 丛书名: | ||
| 单 册: | ||
| 中图分类: | TU984.191 | |
| 科图分类: | ||
| 主题词: | 城市交通-城市规划--高等学校--教材 , 城市规划-城市交通--高等学校--教材 | |
| 电子资源: | ||
| ISBN: | ||
| 000 | 00719nam0 2200253 45 | |
| 001 | 0182004210 | |
| 005 | 20060728173811.65 | |
| 010 | @dCNY0.91 | |
| 091 | @a15040.4280 | |
| 100 | @a19950601d1982 em y0chiy0121 ea | |
| 101 | 0 | @achi |
| 102 | @aCN@b110000 | |
| 105 | @ay z 000yy | |
| 200 | 10 | @a城市对外交通@Acheng shi dui wai jiao tong@f同济大学编 |
| 210 | @a北京@c中国建筑工业出版社@d1982 | |
| 215 | @a132页@d25cm | |
| 300 | @a高等学校试用教材 | |
| 606 | @a城市交通-城市规划@x高等学校@x教材 | |
| 606 | @a城市规划-城市交通@x高等学校@x教材 | |
| 690 | @aTU984.191@v3 | |
| 711 | 02 | @a同济大学@Atong ji da xue@4编 |
| 801 | 0 | @aCN@bTSSF@c20060728 |
| 801 | 2 | @aCN@bNLC@c20060705 |
| 905 | @a10447@dTU984.191@e237 | |
| 城市对外交通/同济大学编.-北京:中国建筑工业出版社,1982 |
| 132页;25cm |
| 高等学校试用教材 |
| ISBN :CNY0.91 |
| ● |
| 相关链接 |
|
|
|
|
正题名:城市对外交通
索取号:TU984.191/237
 
预约/预借
| 序号 | 登录号 | 条形码 | 馆藏地/架位号 | 状态 | 备注 |
| 1 | 0421409 | 204214091 | 密集书库/ [索取号:TU984.191/237] | 在馆 | |
| 2 | 0421410 | 204214108 | 密集书库/ [索取号:TU984.191/237] | 在馆 | |
| 3 | 0439036 | 204390364 | 密集书库/ [索取号:TU984.191/237] | 在馆 |